| 000 | 00000nam##2200000za#4500 |
| 001 | 9.683284 |
| 003 | CaOODSP |
| 005 | 20210615133445 |
| 007 | ta |
| 008 | 150407|2006||||xxc||||| f|0| 0 fre|d |
| 020 | |a0-662-71657-4 |
| 040 | |aCaOODSP|bfre |
| 043 | |an-cn--- |
| 086 | 1 |aFo124-6/2006F |
| 110 | 1 |aCanada.|bRessources naturelles Canada. |bService canadien des forêts. |
| 245 | 10|aGuide visuel pour la détection des dommages causés par l'agrile du frêne / |cpréparé par Peter de Groot ... [et al.] |
| 260 | |aSault Ste. Marie - Ontario : |bRessources naturelles Canada. |cc2006. |
| 300 | |a16p. : |bphotographies ; |c21 cm. |
| 500 | |aLe n° de catalogue (Fo124-6/2006E) de l'édition en anglais a été incorrectement imprimé dans cette publication. |
| 520 | 3 |aVise à aider les personnes qui se préoccupent de la santé de leurs arbres à repérer les sujets qui ont été attaqués et endommagés par l’agrile du frêne. |
| 563 | |aReliure à spirale |
| 590 | |a08-22|b2008-05-30 |
| 720 | 1 |ade Groot, Peter |
| 775 | 08|tA visual guide to detecting emerald ash borer damage / |w(CaOODSP)9.650159 |
| 776 | 0#|tGuide visuel pour la détection des dommages causés par l'agrile du frêne / |w(CaOODSP)9.635436 |